000 00967nam a2200253 a 4500
001 57083
003 BD-RjUL
005 20211209080451.0
008 161205s1966 bg ||||| |||| 00| 0 ben d
020 _c: TK 9.00
035 _a(BD-RjUL)57207
040 _aBD-RjUL
_bben
_cBD-RjUL
041 _aben
082 _223
_a297.124
_bAJH 1966
100 _aআ'জমী, নূর মোহাম্মদ
_9123449
245 1 0 _aহাদীছের তত্ত্ব ও ইতিহাস /
_c নূর মোহাম্মদ আ'জমী
260 _aঢাকা :
_bএমদাদিয়া লাইব্রেরী,
_c১৯৬৬
300 _a৩৯৫ পৃ. ;
_c২৬ সেমি.
490 _aমেশকাত অনুবাদের ভূমিকা
650 _aহাদীস
_9169575
650 _aHadith
_9169576
856 _3মেশকাত অনুবাদের ভূমিকা
942 _2ddc
_cBK
999 _c57083
_d57083